书目信息 |
| 题名: |
探索人性
|
|
| 作者: | 麦奎利 著 ;何光沪 , 高师宁 译 | |
| 分册: | ||
| 出版信息: | 北京 东方出版社 2019 |
|
| 页数: | 409页 | |
| 开本: | 21cm | |
| 丛书名: | 信仰与文明丛书 | |
| 单 册: | ||
| 中图分类: | B82-061 | |
| 科图分类: | ||
| 主题词: | 人性--ren xing--研究 | |
| 电子资源: | ||
| ISBN: | 978-7-5207-1177-7 | |
| 000 | 01352oam2 2200301 450 | |
| 001 | 2153163767 | |
| 005 | 20211018173724.0 | |
| 010 | @a978-7-5207-1177-7@b精装@dCNY68.00 | |
| 100 | @a20200408d2019 em y0chiy50 ea | |
| 101 | 1 | @achi@ceng |
| 102 | @aCN@b110000 | |
| 105 | @ay z 000yy | |
| 106 | @ar | |
| 200 | 1 | @a探索人性@Atan suo ren xing@e一种神学与哲学的途径@dIn search of humanity@ea theological and philosophical approach@f(英)麦奎利(John Macquarrie)著@g何光沪,高师宁译@zeng |
| 210 | @a北京@c东方出版社@d2019 | |
| 215 | @a409页@d21cm | |
| 225 | 2 | @a信仰与文明丛书@Axin yang yu wen ming cong shu |
| 330 | @a本书探讨了有关人性的几乎所有重大问题——自由、超越、自我、认识、拥有、疏离、良知、信念、爱、艺术、宗教、苦难、死亡、希望等。在剖析人性各个侧面的基础上,作者指出,对人性不同方面的研究,“引导我们走向了同时成为人性之根源、支持和目标的一种精神实在”。 | |
| 461 | 0 | @12001 @a信仰与文明丛书 |
| 510 | 1 | @aIn search of humanity@ea theological and philosophical approach@zeng |
| 517 | 1 | @a一种神学与哲学的途径@Ayi zhong shen xue yu zhe xue de tu jing |
| 606 | 0 | @a人性@Aren xing@x研究 |
| 690 | @aB82-061@v5 | |
| 701 | 0 | @c(英)@a麦奎利@Amai kui li@c(Macquarrie, John)@4著 |
| 702 | 0 | @a何光沪@Ahe guang hu@4译 |
| 702 | 0 | @a高师宁@Agao shi ning@4译 |
| 801 | 0 | @aCN@b百万庄@c20211018 |
| 905 | @b1311660-63@dB82-061@e1886@f4 | |
| 探索人性:一种神学与哲学的途径=In search of humanity:a theological and philosophical approach/(英)麦奎利(John Macquarrie)著/何光沪,高师宁译.-北京:东方出版社,2019 |
| 409页;21cm.-(信仰与文明丛书) |
| ISBN 978-7-5207-1177-7(精装):CNY68.00 |
| 本书探讨了有关人性的几乎所有重大问题——自由、超越、自我、认识、拥有、疏离、良知、信念、爱、艺术、宗教、苦难、死亡、希望等。在剖析人性各个侧面的基础上,作者指出,对人性不同方面的研究,“引导我们走向了同时成为人性之根源、支持和目标的一种精神实在”。 |
| ● |
| 相关链接 |
|
|
|
|
正题名:探索人性
索取号:B82-061/1886
 
预约/预借
| 序号 | 登录号 | 条形码 | 馆藏地/架位号 | 状态 | 备注 |
| 1 | 1311660 | 213116607 | 第一样本阅览室/ [索取号:B82-061/1886] | 在馆 | |
| 2 | 1311661 | 213116616 | 第一借阅区/ [索取号:B82-061/1886] | 在馆 | |
| 3 | 1311662 | 213116625 | 第一借阅区/ [索取号:B82-061/1886] | 在馆 | |
| 4 | 1311663 | 213116634 | 第一借阅区/ [索取号:B82-061/1886] | 在馆 |